000 00656nam a22001937a 4500
003 OSt
005 20251120152951.0
008 251120b |||||||| |||| 00| 0 eng d
020 _a9-812-53048-7.
040 _aDWCL-Main lib
_cOC
082 _211th ed., Wiley International
_aCirc. 657 K47i 2004
100 _aDonald E. Kieso
245 _aIntermediate accounting 11th ed., Wiley Int'l. ed.
_cDonald E. Kieso
260 _aN. J. :
_bJohn Wiley & Sons, Inc.,
_cc2004.
300 _axxxii (various paging) :
_billustration ;
_c25 cm.
504 _aIncludes index.
650 _21. Accounting.
942 _2ddc
_cBK-CIRC
_e11th ed., Wiley International
_kCirc.
_n0
999 _c5910
_d5910